000 00551cam a2200193ua 4500
001 2046
008 110805n xxk |||gr||||Z||||||eng
020 _a0-19-713438-6
040 _cMAIN
082 _a306.43
100 _aGarforth, F. W.,
245 1 _aEdcative Democracy john stuart mill on education in society
_cby F. W. Garforth
250 _a1st.
260 _aNew York:
_bOxford University press,980.
300 _a256p:
_c23cm.
653 _aEducation
653 _aEdcative Democracy john stuart mill on education in society
942 _cBK
999 _c1917
_d1917